[Event "Opera Euro Rapid KO 2021"]
[Site "chess24.com INT"]
[Date "2021.02.09"]
[Round "1.11"]
[White "Carlsen, Magnus"]
[Black "Dubov, Daniil"]
[Result "1-0"]
[WhiteTitle "GM"]
[BlackTitle "GM"]
[WhiteElo "2862"]
[BlackElo "2710"]
[WhiteFideId "1503014"]
[BlackFideId "24126055"]
[EventDate "2021.02.09"]

1. e4 e5 2. Nf3 Nc6 3. Bc4 Nf6 4. d3 Be7 5. O-O d6 6. c3 O-O 7. Re1 h6 8. Nbd2
Be6 9. Bxe6 fxe6 10. Nf1 a5 11. Ng3 a4 12. Bd2 d5 13. b4 axb3 14. axb3 Rxa1 15.
Qxa1 d4 16. Qb1 dxc3 17. Bxc3 Bc5 18. b4 Bb6 19. b5 Nd4 20. Bxd4 Bxd4 21. Qb3
Qd7 22. Nf5 Ng4 23. N5xd4 exd4 24. e5 h5 25. Qc4 Rxf3 26. gxf3 Nh6 27. Rc1 Nf5
28. Qxc7 Qd5 29. Qc2 Nh4 30. Qe2 Nxf3+ 31. Kh1 Nxe5+ 32. f3 Qxb5 33. Re1 Nxd3
34. Rd1 1-0

[Event "Opera Euro Rapid KO 2021"]
[Site "chess24.com INT"]
[Date "2021.02.09"]
[Round "1.11"]
[White "Vachier-Lagrave, Maxime"]
[Black "Aronian, Levon"]
[Result "1/2-1/2"]
[WhiteTitle "GM"]
[BlackTitle "GM"]
[WhiteElo "2784"]
[BlackElo "2781"]
[WhiteFideId "623539"]
[BlackFideId "13300474"]
[EventDate "2021.02.09"]

1. d4 Nf6 2. c4 e6 3. Nc3 Bb4 4. Qc2 c5 5. dxc5 O-O 6. a3 Bxc5 7. Nf3 Nc6 8. e3
b6 9. b4 Be7 10. Bb2 Bb7 11. Rd1 Rc8 12. Be2 a5 13. b5 Nb8 14. e4 Qc7 15. e5 Ne8
16. O-O Bxf3 17. Bxf3 d6 18. Na4 dxe5 19. Rfe1 Qxc4 20. Qxc4 Rxc4 21. Nxb6 Rc2
22. Re2 Rxe2 23. Bxe2 e4 24. Nc4 a4 25. Nb6 Nf6 26. Nxa4 Nbd7 27. b6 Rb8 28. Bb5
Nxb6 29. Be5 Rd8 30. Rxd8+ Bxd8 31. Nxb6 Bxb6 32. Bxf6 gxf6 33. Kf1 f5 34. f3 h5
35. Bc6 exf3 36. gxf3 Kf8 37. a4 Ke7 38. Bb5 e5 39. Bd3 Kf6 40. Bc4 e4 41. Bd5
e3 42. f4 Bc7 43. Ke2 Bxf4 44. h3 Ke5 45. Bxf7 h4 46. a5 Kd4 47. a6 Bb8 48. Be6
Ke4 49. Bc8 Ba7 50. Bb7+ Kf4 51. Bc8 Ke4 52. Bb7+ Kf4 53. Bc8 Ke4 1/2-1/2

[Event "Opera Euro Rapid KO 2021"]
[Site "chess24.com INT"]
[Date "2021.02.09"]
[Round "1.11"]
[White "So, Wesley"]
[Black "Duda, Jan-Krzysztof"]
[Result "1/2-1/2"]
[WhiteTitle "GM"]
[BlackTitle "GM"]
[WhiteElo "2770"]
[BlackElo "2743"]
[WhiteFideId "5202213"]
[BlackFideId "1170546"]
[EventDate "2021.02.09"]

1. e4 e5 2. Nf3 Nf6 3. Nxe5 d6 4. Nf3 Nxe4 5. d4 d5 6. Bd3 Bf5 7. O-O Be7 8. Re1
O-O 9. Nbd2 Nd6 10. Nf1 Bxd3 11. Qxd3 c6 12. Bf4 Na6 13. h4 Nc7 14. Ng5 g6 15.
Ne3 Qd7 16. h5 Nce8 17. Nf3 Ng7 18. Ne5 Qd8 19. Bh6 Bg5 20. N3g4 gxh5 21. Bxg7
Kxg7 22. Nh2 f6 23. Nef3 Ne4 24. Re2 Kh8 25. Rae1 Bf4 26. Nf1 f5 27. c4 Rg8 28.
cxd5 cxd5 29. Ne3 Qd7 30. Ne5 Qg7 31. f3 Ng3 32. Rc2 Bxe5 33. dxe5 Qxe5 34. Qxd5
Rae8 35. Qxe5+ Rxe5 36. Rc4 b5 37. Rd4 Rf8 38. Kf2 f4 39. Nc2 Rxe1 40. Nxe1 Re8
41. Rxf4 Nh1+ 42. Kf1 Ng3+ 43. Kf2 Nh1+ 44. Kf1 Ng3+ 45. Kf2 1/2-1/2

[Event "Opera Euro Rapid KO 2021"]
[Site "chess24.com INT"]
[Date "2021.02.09"]
[Round "1.11"]
[White "Giri, Anish"]
[Black "Radjabov, Teimour"]
[Result "1/2-1/2"]
[WhiteTitle "GM"]
[BlackTitle "GM"]
[WhiteElo "2764"]
[BlackElo "2765"]
[WhiteFideId "24116068"]
[BlackFideId "13400924"]
[EventDate "2021.02.09"]

1. e4 c5 2. Nf3 Nc6 3. d4 cxd4 4. Nxd4 e5 5. Nb5 a6 6. Nd6+ Bxd6 7. Qxd6 Qf6 8.
Qd1 d6 9. Nc3 Nge7 10. Be3 O-O 11. Qd2 Be6 12. h4 h6 13. h5 Rac8 14. O-O-O Nb4
15. Qxd6 Nec6 16. Bb6 Qf4+ 17. Qd2 Qf6 18. a3 Na2+ 19. Nxa2 Bxa2 20. Rh3 Be6 21.
Rc3 Qh4 22. Qe2 Qg5+ 23. Kb1 Rfe8 24. g3 Bg4 25. f3 Bxh5 26. Bh3 Ra8 27. Bd7
Qxg3 28. Bxe8 Rxe8 29. Rg1 Qf4 30. Qe3 Qf6 31. Rd3 Bg6 32. Bc5 Qe6 33. Rd6 Qc8
34. Bb6 Kh7 35. b3 Qh3 36. Qf2 Re6 37. Rxe6 Qxe6 38. Kb2 f5 39. exf5 Qxf5 40.
Rg2 Qf6 41. Kb1 Qe6 42. Qe3 Ne7 43. Bc5 Nd5 44. Rxg6 Qxg6 45. Qxe5 Nf6 46. Bd4
Qf7 1/2-1/2

[Event "Opera Euro Rapid KO 2021"]
[Site "chess24.com INT"]
[Date "2021.02.09"]
[Round "1.12"]
[White "Dubov, Daniil"]
[Black "Carlsen, Magnus"]
[Result "1/2-1/2"]
[WhiteTitle "GM"]
[BlackTitle "GM"]
[WhiteElo "2710"]
[BlackElo "2862"]
[WhiteFideId "24126055"]
[BlackFideId "1503014"]
[EventDate "2021.02.09"]

1. d4 Nf6 2. c4 e6 3. Nf3 d5 4. g3 Bb4+ 5. Nbd2 O-O 6. Bg2 b6 7. cxd5 exd5 8.
O-O Bb7 9. Ne5 Re8 10. Qc2 c5 11. Ndf3 cxd4 12. Nd3 Nc6 13. Nxb4 Nxb4 14. Qd1 d3
15. exd3 d4 16. a3 Nc6 17. Bf4 Nd5 18. Bd2 Ne3 19. fxe3 dxe3 20. Re1 exd2 21.
Rxe8+ Qxe8 22. Qxd2 Rd8 23. Re1 Qd7 24. Qf4 f6 25. h4 Qxd3 26. h5 Qd6 27. Qc4+
Kf8 28. Ng5 Qd4+ 29. Qxd4 Nxd4 30. Nxh7+ Kg8 31. Nxf6+ gxf6 32. Bxb7 Kg7 33. Kf2
Kh6 34. g4 f5 35. gxf5 Kxh5 36. Rd1 Kg5 37. Be4 Kf4 38. Bb1 Ke5 39. Rd3 Rf8 40.
Re3+ Kd6 41. Rd3 Ke5 42. Re3+ Kd6 43. Rd3 Ke5 1/2-1/2

[Event "Opera Euro Rapid KO 2021"]
[Site "chess24.com INT"]
[Date "2021.02.09"]
[Round "1.12"]
[White "Aronian, Levon"]
[Black "Vachier-Lagrave, Maxime"]
[Result "0-1"]
[WhiteTitle "GM"]
[BlackTitle "GM"]
[WhiteElo "2781"]
[BlackElo "2784"]
[WhiteFideId "13300474"]
[BlackFideId "623539"]
[EventDate "2021.02.09"]

1. d4 Nf6 2. c4 g6 3. Nc3 d5 4. Nf3 Bg7 5. Qb3 dxc4 6. Qxc4 Be6 7. Qa4+ Bd7 8.
Qb3 c5 9. d5 b5 10. Nxb5 Na6 11. Nc3 Rb8 12. Qd1 Qa5 13. Qd2 Nb4 14. e4 Ba4 15.
b3 Bxb3 16. Rb1 Bc2 17. Rb3 Bxb3 18. axb3 Nd7 19. Bb2 O-O 20. Be2 Na2 21. Na4
Qxa4 22. Bxg7 Rxb3 23. Bxf8 Rb1+ 24. Bd1 Qxe4+ 25. Kf1 Nc3 26. Qxc3 Rxd1+ 27.
Ne1 Nxf8 28. h4 Qxd5 29. Rh3 Ne6 30. Re3 Rd4 31. Nf3 Qc4+ 32. Qxc4 Rxc4 33. Ra3
Nd4 34. Nxd4 cxd4 35. Rxa7 d3 36. Ke1 Re4+ 37. Kd2 Re2+ 38. Kxd3 Rxf2 0-1

[Event "Opera Euro Rapid KO 2021"]
[Site "chess24.com INT"]
[Date "2021.02.09"]
[Round "1.12"]
[White "Duda, Jan-Krzysztof"]
[Black "So, Wesley"]
[Result "1-0"]
[WhiteTitle "GM"]
[BlackTitle "GM"]
[WhiteElo "2743"]
[BlackElo "2770"]
[WhiteFideId "1170546"]
[BlackFideId "5202213"]
[EventDate "2021.02.09"]

1. Nf3 d5 2. e3 Nf6 3. c4 e6 4. Nc3 b6 5. b3 Bb7 6. Bb2 Nbd7 7. cxd5 exd5 8. Be2
a6 9. Qc2 Bd6 10. Qf5 Qe7 11. O-O g6 12. Qh3 h5 13. Rfe1 h4 14. e4 dxe4 15. Nxe4
Bxe4 16. Bd3 Bxd3 17. Rxe7+ Bxe7 18. Nd4 Be4 19. Re1 Bd5 20. g4 Kd8 21. g5 Ne4
22. Qf3 Rh5 23. Rxe4 Rxg5+ 24. Kf1 Re5 25. Nc6+ Bxc6 26. Bxe5 f5 27. Bxc7+ Kxc7
28. Rc4 Ne5 29. Qe3 Bd6 30. Rxh4 Rd8 31. Rh7+ Rd7 32. Rxd7+ Bxd7 33. Qc3+ Kb7
34. a4 Bc7 35. h3 Bc6 36. Qe3 Nf3 37. Qe6 Be4 38. Qd7 g5 39. b4 g4 40. hxg4 fxg4
41. Ke2 Ne5 42. Qg7 Bf3+ 43. Ke3 Nc6 44. Qf8 b5 45. axb5 axb5 46. d4 Na7 47. Qc5
Bb6 48. Qe7+ Ka6 49. Qe6 Nc6 50. Qc8+ Ka7 51. Qd7+ Kb8 52. Qd6+ Kc8 53. Qe6+ Kc7
54. Qf7+ Kd6 55. Qf6+ Kd7 56. Qf5+ Ke7 57. Qg5+ Ke6 58. Qg6+ Kd7 59. Qf5+ Kc7
60. Qf7+ Kb8 61. Qe8+ Bd8 62. Qg8 Kb7 63. d5 Bb6+ 64. Kd2 Nxb4 65. Qf7+ Ka6 66.
d6 Nc6 67. Qa2+ Ba5+ 68. Ke3 b4 69. Qg8 Bb6+ 70. Kf4 Bxf2 71. Qa2+ Na5 72. Qxf2
Bc6 73. Qe2+ Kb6 74. Qe7 b3 75. d7 Bxd7 76. Qxd7 Kc5 77. Ke4 Nc4 78. Qd4+ 1-0

[Event "Opera Euro Rapid KO 2021"]
[Site "chess24.com INT"]
[Date "2021.02.09"]
[Round "1.12"]
[White "Radjabov, Teimour"]
[Black "Giri, Anish"]
[Result "1/2-1/2"]
[WhiteTitle "GM"]
[BlackTitle "GM"]
[WhiteElo "2765"]
[BlackElo "2764"]
[WhiteFideId "13400924"]
[BlackFideId "24116068"]
[EventDate "2021.02.09"]

1. d4 Nf6 2. c4 e6 3. Nf3 d5 4. Nc3 Bb4 5. Bg5 h6 6. Bxf6 Qxf6 7. Qa4+ Nc6 8. e3
O-O 9. Rc1 Rd8 10. cxd5 exd5 11. a3 Bf8 12. Be2 Ne7 13. O-O c6 14. b4 a6 15. Qb3
Nf5 16. Na4 Rb8 17. Nc5 Bd6 18. Qc3 Nh4 19. Ne5 Bxe5 20. dxe5 Qg6 21. g3 Bh3 22.
Rfd1 Bg4 23. Bxg4 Qxg4 24. h3 Nf3+ 25. Kg2 Nh4+ 26. Kg1 Qg6 27. Kf1 Nf3 28. Kg2
Nh4+ 29. Kf1 Nf3 30. Kg2 Nh4+ 31. Kf1 1/2-1/2

[Event "Opera Euro Rapid KO 2021"]
[Site "chess24.com INT"]
[Date "2021.02.09"]
[Round "1.13"]
[White "Carlsen, Magnus"]
[Black "Dubov, Daniil"]
[Result "1-0"]
[WhiteTitle "GM"]
[BlackTitle "GM"]
[WhiteElo "2862"]
[BlackElo "2710"]
[WhiteFideId "1503014"]
[BlackFideId "24126055"]
[EventDate "2021.02.09"]

1. e4 d5 2. exd5 Qxd5 3. Nc3 Qd6 4. d4 Nf6 5. Nf3 Nc6 6. Nb5 Qd8 7. Be2 a6 8.
Na3 Bg4 9. Nc4 e6 10. O-O Be7 11. c3 O-O 12. a4 Nd5 13. a5 Bd6 14. Re1 Re8 15.
Bg5 f6 16. Bh4 Nce7 17. Bg3 Bxg3 18. hxg3 Nf5 19. Qb3 Rb8 20. Bd3 Bh5 21. Ncd2
Bf7 22. Qc2 Bg6 23. Nb3 Qd6 24. Nc5 b6 25. axb6 cxb6 26. Ne4 Qc7 27. Rxa6 Rbc8
28. Qa4 h5 29. Ned2 Kh7 30. c4 b5 31. cxb5 h4 32. gxh4 Nf4 33. Bf1 Bh5 34. Rc6
Qf7 35. Qc2 Qg6 36. Kh2 Rcd8 37. Qe4 Nd5 38. Rxe6 Nc7 39. Rxe8 Rxe8 40. Qb1 Rxe1
41. Qxe1 Nd5 42. Qe4 1-0

[Event "Opera Euro Rapid KO 2021"]
[Site "chess24.com INT"]
[Date "2021.02.09"]
[Round "1.13"]
[White "Vachier-Lagrave, Maxime"]
[Black "Aronian, Levon"]
[Result "1/2-1/2"]
[WhiteTitle "GM"]
[BlackTitle "GM"]
[WhiteElo "2784"]
[BlackElo "2781"]
[WhiteFideId "623539"]
[BlackFideId "13300474"]
[EventDate "2021.02.09"]

1. e4 e5 2. Nf3 Nc6 3. Bb5 a6 4. Ba4 Nf6 5. O-O Bc5 6. c3 b5 7. Bb3 d6 8. d4 Bb6
9. a4 Bb7 10. Be3 exd4 11. cxd4 Na5 12. Bc2 Nxe4 13. d5 Bxe3 14. Bxe4 Bb6 15.
Nbd2 b4 16. Re1 O-O 17. Nf1 Qf6 18. b3 Rae8 19. Rb1 Bc8 20. Ng3 Nb7 21. Qd2 g6
22. Bc2 a5 23. Ne4 Qg7 24. Qg5 Kh8 25. Nf6 Rxe1+ 26. Rxe1 h6 27. Qh4 g5 28. Qe4
g4 29. Nd4 Nc5 30. Qe7 Nd7 31. Nxd7 Bxd7 32. Qxd7 Bxd4 33. Qf5 Qg6 34. g3 h5 35.
Kg2 Kg7 36. Qf4 Qf6 37. Bf5 Rh8 38. Re2 Rh6 39. h3 gxh3+ 40. Kxh3 Rh8 41. Qf3
Bc5 42. Re4 Qg5 43. Kg2 Rh6 44. Rh4 Qd2 45. Rf4 Qc3 46. Bd3 Rf6 47. Rxf6 Qxf6
48. Qxf6+ Kxf6 49. f4 Be3 50. Kf3 Bd2 51. Bf1 Be1 52. Bd3 Ke7 53. Bb5 Kd8 54.
Bc6 Ke7 55. Bb5 Kd8 56. Bc6 Ke7 57. Bb5 1/2-1/2

[Event "Opera Euro Rapid KO 2021"]
[Site "chess24.com INT"]
[Date "2021.02.09"]
[Round "1.13"]
[White "So, Wesley"]
[Black "Duda, Jan-Krzysztof"]
[Result "1-0"]
[WhiteTitle "GM"]
[BlackTitle "GM"]
[WhiteElo "2770"]
[BlackElo "2743"]
[WhiteFideId "5202213"]
[BlackFideId "1170546"]
[EventDate "2021.02.09"]

1. Nf3 d5 2. e3 Nf6 3. c4 e6 4. b3 Be7 5. Bb2 O-O 6. Nc3 c5 7. cxd5 exd5 8. d4
Nc6 9. Be2 Ne4 10. dxc5 Qa5 11. Rc1 Bf6 12. Nd4 Nxc5 13. Nxc6 bxc6 14. O-O Ne4
15. Qc2 Nxc3 16. Bxc3 Bxc3 17. Qxc3 Qxa2 18. Rc2 Qa3 19. Ra1 Qe7 20. Qxc6 Be6
21. Rd2 Qb4 22. Rd3 Rfc8 23. Qa6 h6 24. h3 Rc3 25. Qa3 Qxa3 26. Rxa3 Rxd3 27.
Bxd3 Kf8 28. Kf1 Rb8 29. Ke2 Rb7 30. Kd2 Ke7 31. Kc3 Rc7+ 32. Kd4 Rb7 33. Kc5
Rc7+ 34. Kd4 Rb7 35. Ba6 Rc7 36. Ra2 Bf5 37. b4 Be6 38. Bd3 Rb7 39. b5 Bd7 40.
Ra5 Be6 41. f4 f6 42. g4 Rc7 43. Ra6 Bc8 44. Ra5 Be6 45. Ra6 Bc8 46. Ra4 Be6 47.
Be2 Kd6 48. Ra6+ Ke7 49. Ra4 Kd6 50. f5 Bf7 51. Ra6+ Ke7 52. Bd1 Rc4+ 53. Kd3
Rc7 54. Kd4 Rc4+ 55. Kd3 Rc7 56. Be2 Kd7 57. Kd4 Ke7 58. h4 Kd7 59. Bd1 Rc4+ 60.
Kd3 Rc7 61. Bb3 Ke7 62. Kd4 Rb7 63. Ra5 Rd7 64. Ra6 Rb7 65. Kc5 Rd7 66. Ra5 Rc7+
67. Kd4 Rd7 68. Ba2 Kd8 69. Kc5 Rc7+ 70. Kd4 Rd7 71. Ra6 Ke7 72. Rc6 Rb7 73. Ra6
Rd7 74. Rc6 Rb7 75. h5 Kd8 76. Rc5 Ke7 77. Bxd5 Bxd5 78. Kxd5 Kd7 79. Kc4 Rb6
80. Rd5+ Kc7 81. Kc5 Rb8 82. e4 Rb6 83. e5 fxe5 84. Rxe5 Kd7 85. Re6 Rb7 86. Rg6
Rc7+ 87. Kd5 Ke8 88. f6 gxf6 89. Rxh6 Rg7 90. Rg6 Rb7 91. Rxf6 Rxb5+ 92. Ke4 Ke7
93. Rf5 Rb4+ 94. Kf3 Rb1 95. h6 Rh1 96. g5 Ke6 97. Ra5 a6 98. Kg4 Kf7 99. Rf5+
Kg8 100. Rf6 Kh7 101. Rf7+ Kg8 102. Ra7 Rb1 103. Kh5 1-0

[Event "Opera Euro Rapid KO 2021"]
[Site "chess24.com INT"]
[Date "2021.02.09"]
[Round "1.13"]
[White "Giri, Anish"]
[Black "Radjabov, Teimour"]
[Result "0-1"]
[WhiteTitle "GM"]
[BlackTitle "GM"]
[WhiteElo "2764"]
[BlackElo "2765"]
[WhiteFideId "24116068"]
[BlackFideId "13400924"]
[EventDate "2021.02.09"]

1. e4 c5 2. Nf3 Nc6 3. d4 cxd4 4. Nxd4 e5 5. Nb5 d6 6. N1c3 a6 7. Na3 b5 8. Nd5
Nf6 9. c4 b4 10. Nc2 a5 11. Bg5 Be7 12. Nxe7 Qxe7 13. Ne3 Be6 14. Bxf6 Qxf6 15.
Qxd6 Nd4 16. Bd3 Rc8 17. O-O Rc6 18. Qb8+ Rc8 19. Qb6 O-O 20. Qxa5 Qf4 21. Rfe1
Bh3 22. Bf1 Rc6 23. Nf5 Bxf5 24. exf5 Nc2 25. g3 Qh6 26. Qxe5 Nxa1 27. Rxa1 Qd6
28. Re1 Ra6 29. Qxd6 Rxd6 30. Re5 Rd2 31. c5 Rxb2 32. Bc4 Rc2 33. Bb3 Rc3 34. g4
h6 35. Kg2 Kh7 36. Re7 f6 37. Rc7 h5 38. h3 hxg4 39. hxg4 Kh6 40. c6 Rd8 41. Rd7
Rxd7 42. cxd7 Rd3 43. Be6 Kg5 44. f3 Kf4 45. Kf2 Rd2+ 46. Ke1 Ke3 47. f4 Rd6 48.
g5 Kxf4 49. gxf6 gxf6 50. Ke2 Rd4 51. Kf2 Rd2+ 52. Ke1 Ke3 53. Kf1 Kf3 54. Kg1
Rd4 55. Kh2 Rd1 0-1

[Event "Opera Euro Rapid KO 2021"]
[Site "chess24.com INT"]
[Date "2021.02.09"]
[Round "1.14"]
[White "Aronian, Levon"]
[Black "Vachier-Lagrave, Maxime"]
[Result "1/2-1/2"]
[WhiteTitle "GM"]
[BlackTitle "GM"]
[WhiteElo "2781"]
[BlackElo "2784"]
[WhiteFideId "13300474"]
[BlackFideId "623539"]
[EventDate "2021.02.09"]

1. d4 Nf6 2. c4 g6 3. Nf3 Bg7 4. Nc3 d5 5. Qb3 dxc4 6. Qxc4 Be6 7. Qa4+ Bd7 8.
Qa3 Bc6 9. e3 Bxf3 10. gxf3 Nbd7 11. f4 O-O 12. Bg2 c6 13. O-O e6 14. Rd1 Qb6
15. Bd2 Rfd8 16. Be1 Bf8 17. Qa4 Nd5 18. Nxd5 exd5 19. b4 a6 20. Qc2 Nf6 21. a4
Re8 22. Rab1 Rac8 23. Qb3 Qd8 24. Bh3 Ne4 25. b5 axb5 26. axb5 c5 27. dxc5 Rxc5
28. Bg2 Qd7 29. Qd3 Qe6 30. b6 Rec8 31. Rb5 Rxb5 32. Qxb5 Nf6 33. Qa5 Rc6 34.
Bc3 Rxb6 35. Bd4 Ra6 36. Qc7 Ne4 37. Qxb7 Ra2 38. Qb3 Qg4 39. h3 Qe2 40. Rf1
Nxf2 41. Qxd5 Nxh3+ 42. Kh2 Nf2 43. Qf3 Qxf3 44. Bxf3 Ne4+ 45. Kh3 Rf2 46. Rxf2
Nxf2+ 47. Kg3 Nd3 48. Be2 Nb4 49. e4 Nc6 50. Bb6 Be7 51. Bb5 Nd8 52. f5 gxf5 53.
exf5 f6 54. Bc4+ Kg7 55. Bd5 Nf7 56. Be3 Bd6+ 57. Kh4 Be5 58. Kh5 h6 59. Bxf7
Kxf7 60. Bxh6 Bd6 61. Be3 Bf8 62. Bh6 Bd6 63. Be3 Bf8 64. Bh6 Bd6 1/2-1/2

[Event "Opera Euro Rapid KO 2021"]
[Site "chess24.com INT"]
[Date "2021.02.09"]
[Round "1.14"]
[White "Duda, Jan-Krzysztof"]
[Black "So, Wesley"]
[Result "0-1"]
[WhiteTitle "GM"]
[BlackTitle "GM"]
[WhiteElo "2743"]
[BlackElo "2770"]
[WhiteFideId "1170546"]
[BlackFideId "5202213"]
[EventDate "2021.02.09"]

1. Nf3 d5 2. e3 Nf6 3. c4 e6 4. Nc3 Be7 5. b3 O-O 6. Bb2 c5 7. cxd5 Nxd5 8. Qc2
Nc6 9. h4 f5 10. g4 Nxc3 11. dxc3 e5 12. Bc4+ Kh8 13. Ng5 e4 14. Rd1 Qe8 15. Ne6
Bxe6 16. Bxe6 Ne5 17. gxf5 Nd3+ 18. Rxd3 exd3 19. Qxd3 Rd8 20. Qe4 Qh5 21. f3
Bf6 22. Ke2 Rd6 23. Qg4 Qe8 24. h5 Qd8 25. Bc1 Bxc3 26. h6 g6 27. Qc4 Rd2+ 28.
Bxd2 Qxd2+ 29. Kf1 Qxe3 30. Qe4 Qc1+ 31. Kg2 Qg5+ 32. Qg4 Qd2+ 33. Kh3 gxf5 34.
Qh5 Be5 35. f4 Qxf4 0-1

[Event "Opera Euro Rapid KO 2021"]
[Site "chess24.com INT"]
[Date "2021.02.09"]
[Round "1.14"]
[White "Radjabov, Teimour"]
[Black "Giri, Anish"]
[Result "0-1"]
[WhiteTitle "GM"]
[BlackTitle "GM"]
[WhiteElo "2765"]
[BlackElo "2764"]
[WhiteFideId "13400924"]
[BlackFideId "24116068"]
[EventDate "2021.02.09"]

1. d4 Nf6 2. c4 e6 3. Nf3 Bb4+ 4. Nbd2 O-O 5. a3 Be7 6. e4 d6 7. Bd3 e5 8. b4 a5
9. b5 Nbd7 10. O-O Re8 11. Re1 Bf8 12. Bb2 exd4 13. Bxd4 Ne5 14. Be2 a4 15. Qc2
Nfd7 16. Bb2 Be7 17. Nf1 Bf6 18. Nd4 Ng6 19. Ng3 Nc5 20. Rad1 Be5 21. Nf3 Bxb2
22. Qxb2 Nxe4 23. Nxe4 Rxe4 24. c5 Nf4 25. Bf1 Rxe1 26. Rxe1 Bf5 27. Qb4 Ne6 28.
cxd6 Qxd6 29. Qxd6 cxd6 30. Rd1 Rc8 31. h3 Rc3 32. Rxd6 g5 33. Ne5 Rxa3 34. Bc4
Ra1+ 35. Kh2 a3 36. Rd7 a2 37. Bxa2 Rxa2 38. Rxf7 Be4 39. f3 Bd5 40. Rd7 Nf4 41.
Kh1 Re2 42. Ng4 Re6 43. Nf2 Rb6 44. Nd1 Rxb5 45. Nc3 Rc5 46. Nxd5 Rxd5 47. Rxb7
Rd1+ 48. Kh2 Rd2 49. Rb8+ Kg7 50. Rb7+ Kg6 0-1

[Event "Opera Euro Rapid KO 2021"]
[Site "chess24.com INT"]
[Date "2021.02.10"]
[Round "1.21"]
[White "Dubov, Daniil"]
[Black "Carlsen, Magnus"]
[Result "1/2-1/2"]
[WhiteTitle "GM"]
[BlackTitle "GM"]
[WhiteElo "2710"]
[BlackElo "2862"]
[WhiteFideId "24126055"]
[BlackFideId "1503014"]
[EventDate "2021.02.09"]

1. d4 Nf6 2. c4 e6 3. Nf3 d5 4. g3 Bb4+ 5. Bd2 Be7 6. Bg2 O-O 7. O-O a5 8. Qc2
c6 9. Rc1 Nbd7 10. Bf4 Nh5 11. Bd2 Nhf6 12. Bg5 h6 13. Bf4 Nh5 14. Be3 Nhf6 15.
Bf4 Nh5 16. Be5 Nhf6 17. Nc3 Nxe5 18. dxe5 Nd7 19. cxd5 exd5 20. Rd1 Qb6 21. e4
d4 22. Ne2 Bc5 23. Nf4 Re8 24. Rac1 d3 25. Nxd3 Bf8 26. Nd2 Qd4 27. Nc4 Nb6 28.
Nd6 Bxd6 29. exd6 Qxd6 30. Nc5 Qc7 31. Rd4 Nd7 32. Rcd1 Nxc5 33. Qxc5 Be6 34. a3
Rad8 35. f4 b6 36. Qc3 c5 37. e5 Rxd4 38. Rxd4 Rd8 39. Rxd8+ Qxd8 40. Bf3 g6 41.
h4 h5 42. Kf2 b5 43. Be2 b4 44. Qxc5 Qd2 45. Qxa5 Bg4 46. Qa8+ Kh7 47. Qe4 b3
48. e6 Bxe6 49. Qe5 Bg4 50. Kf1 Qc1+ 51. Kf2 Qd2 52. Kf1 Qc1+ 53. Kf2 Qd2 1/2-1/2

[Event "Opera Euro Rapid KO 2021"]
[Site "chess24.com INT"]
[Date "2021.02.10"]
[Round "1.21"]
[White "Aronian, Levon"]
[Black "Vachier-Lagrave, Maxime"]
[Result "0-1"]
[WhiteTitle "GM"]
[BlackTitle "GM"]
[WhiteElo "2781"]
[BlackElo "2784"]
[WhiteFideId "13300474"]
[BlackFideId "623539"]
[EventDate "2021.02.09"]

1. e4 c5 2. Nf3 d6 3. d4 cxd4 4. Nxd4 Nf6 5. Nc3 a6 6. Bc4 e6 7. Be3 b5 8. Bb3
Be7 9. a3 O-O 10. f3 Bb7 11. Qe2 Nbd7 12. g4 Rc8 13. g5 Nh5 14. Rg1 g6 15. O-O-O
Rxc3 16. bxc3 Qa5 17. Nxe6 Rc8 18. Nd4 Ne5 19. Kb1 Nc4 20. Bxc4 bxc4 21. Ka2 d5
22. Bc1 dxe4 23. fxe4 Qxc3 24. Rgf1 Qa5 25. Qf3 Rf8 26. Bb2 c3 27. Nb3 Qc7 28.
Qxc3 Qxc3 29. Bxc3 Bxg5 30. Nc5 Bc6 31. Be5 Bb5 32. Rfe1 Rc8 33. Bd6 Nf4 34. a4
Be2 35. Rd4 Bh4 36. Rxe2 Nxe2 37. Rd2 Bf2 38. Rxe2 Bxc5 39. e5 f5 40. Kb3 Kf7
41. e6+ Ke8 42. Bf4 Be7 43. c4 Rc6 44. Kc3 Bf6+ 45. Kd3 Ke7 46. Re1 g5 47. Bb8
Rxe6 48. Rb1 Kd7 49. c5 f4 50. Rb7+ Kc6 51. Rb6+ Kd5 52. Rxe6 Kxe6 53. c6 f3 54.
Ke3 g4 55. h3 h5 56. hxg4 hxg4 57. Bg3 Be7 58. Kf4 Bc5 59. Kxg4 f2 60. Bxf2 Bxf2 0-1

[Event "Opera Euro Rapid KO 2021"]
[Site "chess24.com INT"]
[Date "2021.02.10"]
[Round "1.21"]
[White "Duda, Jan-Krzysztof"]
[Black "So, Wesley"]
[Result "0-1"]
[WhiteTitle "GM"]
[BlackTitle "GM"]
[WhiteElo "2743"]
[BlackElo "2770"]
[WhiteFideId "1170546"]
[BlackFideId "5202213"]
[EventDate "2021.02.09"]

1. c4 Nf6 2. Nc3 e5 3. g3 Bb4 4. Bg2 O-O 5. Nf3 e4 6. Ng5 Bxc3 7. bxc3 Re8 8.
O-O h6 9. Nh3 Nc6 10. Nf4 d6 11. Nd5 Be6 12. Nxf6+ Qxf6 13. Bxe4 Bh3 14. Bd5
Bxf1 15. Qxf1 Na5 16. e3 c6 17. Bg2 a6 18. a4 Qg6 19. e4 Nb3 20. Ra3 Nxc1 21.
Qxc1 b5 22. e5 bxc4 23. Bxc6 Rab8 24. Bxe8 Rb1 25. Ra1 Rxc1+ 26. Rxc1 dxe5 27.
a5 Qd3 28. Re1 Qxd2 29. Rxe5 Qxc3 30. Re7 Kf8 31. Re4 g6 32. Bc6 Qb3 33. Re8+
Kg7 34. Rc8 c3 35. Be4 Qe6 0-1

[Event "Opera Euro Rapid KO 2021"]
[Site "chess24.com INT"]
[Date "2021.02.10"]
[Round "1.21"]
[White "Radjabov, Teimour"]
[Black "Giri, Anish"]
[Result "1/2-1/2"]
[WhiteTitle "GM"]
[BlackTitle "GM"]
[WhiteElo "2765"]
[BlackElo "2764"]
[WhiteFideId "13400924"]
[BlackFideId "24116068"]
[EventDate "2021.02.09"]

1. Nf3 d5 2. b3 Bf5 3. Bb2 e6 4. e3 Nd7 5. Be2 h6 6. d3 Ngf6 7. Nbd2 a5 8. a3
Bh7 9. Rg1 Bd6 10. g4 g5 11. c4 Qe7 12. cxd5 exd5 13. h3 c6 14. Qc2 c5 15. Rc1
b5 16. Qd1 d4 17. e4 O-O 18. a4 b4 19. Nc4 Bf4 20. Kf1 Ne8 21. Rc2 f6 22. Bc1
Bxc1 23. Qxc1 Kg7 24. Nfd2 Nc7 25. f4 Ne6 26. f5 Nf4 27. h4 Bg8 28. h5 Rfc8 29.
Rh1 Bxc4 30. Nxc4 Ne5 31. Nxe5 Qxe5 32. Rc4 Rc7 33. Qd2 Rac8 34. Bf3 Rc6 35. Kf2
R6c7 36. Kf1 Rc6 37. Kf2 R6c7 38. Kf1 1/2-1/2

[Event "Opera Euro Rapid KO 2021"]
[Site "chess24.com INT"]
[Date "2021.02.10"]
[Round "1.22"]
[White "Carlsen, Magnus"]
[Black "Dubov, Daniil"]
[Result "0-1"]
[WhiteTitle "GM"]
[BlackTitle "GM"]
[WhiteElo "2862"]
[BlackElo "2710"]
[WhiteFideId "1503014"]
[BlackFideId "24126055"]
[EventDate "2021.02.09"]

1. e4 e5 2. Nf3 Nc6 3. Bc4 Nf6 4. d3 h6 5. Nc3 Bb4 6. O-O Bxc3 7. bxc3 O-O 8.
Bb3 d6 9. Nd2 d5 10. exd5 Nxd5 11. Ne4 Na5 12. Bxd5 Qxd5 13. Bxh6 f5 14. c4 Qc6
15. Bd2 fxe4 16. Bxa5 Qg6 17. Qe2 Rf4 18. Bd2 Bg4 19. f3 Bxf3 20. Qf2 Rg4 21. g3
Rf8 22. Rae1 Rf6 23. dxe4 Qh5 24. Re3 Bxe4 25. Qe2 Rxg3+ 0-1